| 000 | 00441nam a22001697a 4500 | ||
|---|---|---|---|
| 005 | 20251108170918.0 | ||
| 008 | 250721s1996 xx 000 0 ara d | ||
| 082 | 1 | 4 | _a641.5/فن |
| 245 | 1 | 0 | _aفن الطبخ / |
| 264 | 1 |
_aعمان : _bدار الإسراء للنشر و التزيع، _c1996. |
|
| 300 | _a96ص | ||
| 490 | 0 | _aلك سيدتي | |
| 650 | 1 | 7 | _aالطعام |
| 650 | 1 | 7 | _aالطبخ |
| 942 |
_2ddc _cBK |
||
| 999 |
_c51956 _d51956 |
||